[Event "ZMDI Open 2014"]
[Site "Dresden GER"]
[Date "2014.08.21"]
[Round "7.19"]
[White "Vogel, Jaap"]
[Black "Braeuer, Franz"]
[Result "1/2-1/2"]
[WhiteTitle "FM"]
[WhiteElo "2224"]
[BlackElo "2317"]
[WhiteFideId "1000764"]
[BlackFideId "24634468"]
[EventDate "2014.08.15"]

1. d4 Nf6 2. Nf3 e6 3. c4 b6 4. Bf4 Bb7 5. e3 Be7 6. h3 O-O 7. Nc3 d5 8. Be2 c5
9. O-O dxc4 10. Bxc4 a6 11. dxc5 b5 12. Bb3 Nbd7 13. Bc2 Nxc5 14. Qxd8 Rfxd8 15.
Rfd1 Nd5 16. Nxd5 Bxd5 17. Be5 Rac8 18. Bc3 Ne4 19. Bxe4 Bxe4 20. a3 f6 21.
Rxd8+ Rxd8 22. Ba5 Rc8 23. Rd1 Kf7 24. Nd4 e5 25. Ne2 Ke6 26. Nc3 Bc6 27. Rc1
Bb7 28. Rd1 Rc4 29. f3 f5 30. Kf2 h5 31. Ke2 g5 32. Rc1 Rh4 33. Nd1 g4 34. hxg4
hxg4 35. Nf2 gxf3+ 36. gxf3 Bd5 37. Rh1 Bc4+ 38. Kd2 Rxh1 39. Nxh1 Bh4 40. e4 f4
41. Bb6 Kd6 42. Nf2 Kc6 43. Ba7 Be7 44. Nd3 Bd6 45. Bf2 a5 46. Kc3 Bf7 47. b4
Bh5 48. Ne1 axb4+ 49. axb4 Kd7 50. Bc5 Bc7 51. Kd2 Bf7 52. Nd3 Bc4 53. Bf2 Bd6
54. Nc5+ Kc6 55. Ke1 Be7 56. Kd2 Bd6 1/2-1/2

[Event "ZMDI Open 2014"]
[Site "Dresden GER"]
[Date "2014.08.21"]
[Round "7.20"]
[White "Osmanodja, Filiz"]
[Black "Loewe, Lennard"]
[Result "0-1"]
[WhiteTitle "WIM"]
[WhiteElo "2295"]
[BlackElo "2216"]
[WhiteFideId "24633569"]
[BlackFideId "24653268"]
[EventDate "2014.08.15"]

1. e4 c6 2. d4 d5 3. e5 Bf5 4. Nf3 e6 5. Be2 Ne7 6. Nbd2 c5 7. dxc5 Nec6 8. Nb3
Nd7 9. Be3 Bg4 10. O-O Be7 11. Nfd2 Bxe2 12. Qxe2 Ndxe5 13. f4 Nd7 14. c4 d4 15.
Nxd4 Nxd4 16. Bxd4 Bxc5 17. Bxc5 Nxc5 18. b4 Qd3 19. Qe5 O-O 20. Rad1 Nd7 21.
Qb5 Nb6 22. a4 Qd4+ 23. Kh1 a6 24. Qe5 Rfd8 25. a5 Nxc4 26. Qxd4 Rxd4 27. Nb3
Rad8 28. Rc1 Nd2 29. Nxd2 Rxd2 30. Rc7 Rb8 31. Rfc1 g6 32. h3 Rd4 33. R1c4 Rbd8
34. Rxd4 Rxd4 35. Rxb7 Rxf4 36. Kh2 Kg7 37. Kg3 g5 38. b5 axb5 39. Rxb5 Kf6 40.
Rb3 Ra4 41. Rb5 h5 42. Kf3 h4 43. Rc5 e5 44. Rc6+ Kf5 45. a6 f6 46. Rb6 Ra3+ 47.
Kf2 e4 48. Ke2 Ke5 49. Kf2 f5 50. Rg6 Ra2+ 51. Kf1 Kf4 52. Kg1 g4 53. hxg4 fxg4
54. Kh2 h3 0-1

[Event "ZMDI Open 2014"]
[Site "Dresden GER"]
[Date "2014.08.21"]
[Round "7.21"]
[White "Schuetze, Norman"]
[Black "Tennert, Simon"]
[Result "1-0"]
[WhiteElo "2284"]
[BlackElo "2153"]
[WhiteFideId "4659406"]
[BlackFideId "1270445"]
[EventDate "2014.08.15"]

1. d4 Nf6 2. c4 c5 3. d5 e6 4. Nc3 exd5 5. cxd5 d6 6. Nf3 g6 7. Bf4 a6 8. a4 Bg7
9. h3 O-O 10. e3 Qe7 11. Nd2 Nbd7 12. Be2 Rb8 13. O-O Ne8 14. Re1 f5 15. Nc4 Ne5
16. Nb6 Nf6 17. a5 Nfd7 18. Nxc8 Rbxc8 19. Qd2 g5 20. Bg3 Ng6 21. f4 gxf4 22.
exf4 Bd4+ 23. Bf2 Qh4 24. Rf1 Bxf2+ 25. Rxf2 Nf6 26. Bf1 Rce8 27. Ra3 Nh5 28.
Ne2 Re4 29. g3 Qf6 30. Bg2 Rb4 31. Rc3 Re8 32. Bf3 Ng7 33. Kg2 Qd8 34. Ra3 b6
35. axb6 Qxb6 36. Nc1 Rb8 37. b3 Nf8 38. Be2 Rd4 39. Qc2 Qb4 40. Rxa6 Rd2 41.
Qc4 Ne8 42. Qxb4 cxb4 43. Bd3 Rd1 44. Rc2 Kh8 45. Bc4 Nd7 46. Nd3 Ndf6 47. Nf2
Rd4 48. Re2 Nxd5 49. Bxd5 Rxd5 50. Ra7 Kg8 51. g4 Rc8 52. Rb7 Rd4 53. gxf5 Nf6
54. Ree7 Rxf4 55. Ng4 Nh5 56. Nh6+ Kf8 57. Rf7+ Ke8 58. Rbe7+ Kd8 59. Re2 Rh4
60. Ra2 Nf4+ 61. Kg3 Rxh6 62. Rf8+ Ke7 63. Rxc8 Nd3 64. Rd2 Nc5 65. Re2+ Kd7 66.
Rb8 Rf6 67. Kg4 Nxb3 68. Rxb4 Nc5 69. Rb8 Rf7 70. Ra8 Kc6 71. Kg5 d5 72. Rc2 Kd6
73. Rd8+ Nd7 74. Ra8 Nc5 75. Ra5 Nb3 76. Ra6+ Ke5 77. Re2+ Kd4 78. f6 Nc5 79.
Rae6 Ne4+ 80. R2xe4+ dxe4 81. Re7 Rf8 82. f7 e3 83. Kf6 Kd3 84. Re8 e2 85. Rxf8
e1=Q 86. Rd8+ Kc2 87. f8=Q Qc3+ 88. Kf7 Qc7+ 89. Kg8 Qg3+ 90. Kh8 Qe5+ 91. Qg7 1-0

[Event "ZMDI Open 2014"]
[Site "Dresden GER"]
[Date "2014.08.21"]
[Round "7.22"]
[White "Ivanov, Alexander"]
[Black "Sundararajan, Kidambi"]
[Result "0-1"]
[BlackTitle "GM"]
[WhiteElo "1951"]
[BlackElo "2424"]
[WhiteFideId "1270683"]
[BlackFideId "5005370"]
[EventDate "2014.08.15"]

1. e4 e6 2. d4 d5 3. Nd2 a6 4. Bd3 c5 5. dxc5 Bxc5 6. Ngf3 Nc6 7. a3 Nf6 8. Qe2
O-O 9. O-O Ba7 10. e5 Nd7 11. c4 Nc5 12. Bc2 d4 13. Ne1 b5 14. b4 d3 15. Bxd3
Nd4 16. Bxh7+ Kxh7 17. Qh5+ Kg8 18. bxc5 Bb7 19. Rb1 Bxc5 20. Bb2 Rc8 21. cxb5
axb5 22. Bxd4 Qxd4 23. Ndf3 Qe4 24. Rb3 Bd5 25. Nd2 Bxf2+ 26. Kh1 Qg6 27. Qxg6
fxg6 28. Rxb5 Be3 29. Rxf8+ Kxf8 30. Ndf3 Rc1 31. Rb2 Bxf3 32. gxf3 Rxe1+ 33.
Kg2 Bf4 34. Rb8+ Kf7 35. Rb7+ Kg8 36. Rb4 Bxe5 37. a4 Re2+ 38. Kf1 Rxh2 39. Re4
Bg3 40. Rxe6 Rf2+ 41. Kg1 Kf7 42. Re3 Ra2 43. Re4 g5 44. Kh1 Kf6 45. Rb4 Kf5 46.
Kg1 Bf4 47. Rb5+ Kg6 0-1

[Event "ZMDI Open 2014"]
[Site "Dresden GER"]
[Date "2014.08.21"]
[Round "7.23"]
[White "Barthel, Ansgar"]
[Black "Urban, Lars"]
[Result "1/2-1/2"]
[WhiteElo "2216"]
[BlackElo "2064"]
[WhiteFideId "4643461"]
[BlackFideId "4644034"]
[EventDate "2014.08.15"]

1. e4 e6 2. d4 d5 3. Nc3 Nf6 4. e5 Nfd7 5. f4 c5 6. Nf3 Nc6 7. Be3 Be7 8. Qd2
O-O 9. Be2 a6 10. O-O b5 11. a3 Qb6 12. Rad1 cxd4 13. Nxd4 Bc5 14. b4 Bxd4 15.
Bxd4 Nxd4 16. Qxd4 Bb7 17. Qxb6 Nxb6 18. Bd3 Rfc8 19. Ne2 Na4 20. Nd4 Nb2 21.
Rd2 Rc3 22. Ra1 Rd8 23. Ne2 Rc7 24. c3 Na4 25. Rc2 Rdc8 1/2-1/2

[Event "ZMDI Open 2014"]
[Site "Dresden GER"]
[Date "2014.08.21"]
[Round "7.24"]
[White "Namyslo, Holger"]
[Black "Rudolf, Matthias"]
[Result "1-0"]
[WhiteTitle "FM"]
[WhiteElo "2211"]
[BlackElo "2092"]
[WhiteFideId "4607430"]
[BlackFideId "24609382"]
[EventDate "2014.08.15"]

1. e4 e6 2. d4 d5 3. Nc3 dxe4 4. Nxe4 Nd7 5. Nf3 Ngf6 6. Bd3 c5 7. Nxf6+ Nxf6 8.
Be3 Nd5 9. O-O Be7 10. c3 Qc7 11. Ne5 O-O 12. Qh5 f5 13. Rac1 Bf6 14. Qe2 Bxe5
15. dxe5 b6 16. Bd2 Bb7 17. Rcd1 h6 18. Bc4 Qe7 19. Bc1 Rfd8 20. Rd3 Bc6 21. Rg3
Kh7 22. Re1 Qf7 23. h4 Ne7 24. a3 a5 25. Rd1 Rxd1+ 26. Qxd1 Nd5 27. h5 Ra7 28.
Rg6 Rd7 29. Qd2 b5 30. Bxd5 Rxd5 31. Qf4 Be8 32. Be3 Qb7 33. Rxe6 Qf7 34. Rg6
Qe7 35. Ra6 a4 36. Qxf5+ Kg8 37. Ra8 Rxe5 38. Qg6 Re6 39. Qg4 Qf6 40. g3 Kh7 41.
Rc8 Bc6 42. Rc7 Bd5 43. Rxc5 Bf3 44. Qf5+ Qxf5 45. Rxf5 Be2 46. Kg2 Re7 47. Rc5
Kg8 48. Kh3 Kf7 49. Bd4 Bd3 50. g4 Bf1+ 51. Kg3 Be2 52. Kh4 Bd3 53. f4 g6 54.
hxg6+ Kxg6 55. Rc6+ Kh7 56. Kh5 Re2 57. Rc7+ Kg8 58. Kxh6 Rh2+ 59. Kg5 Be2 60.
f5 Rg2 61. Rg7+ Kf8 62. Kf4 Bd1 63. f6 Bb3 64. Bc5+ Ke8 65. Re7+ 1-0

[Event "ZMDI Open 2014"]
[Site "Dresden GER"]
[Date "2014.08.21"]
[Round "7.25"]
[White "Buechmann, Ole"]
[Black "Peredy, Ferenc"]
[Result "1-0"]
[BlackTitle "IM"]
[WhiteElo "2117"]
[BlackElo "2210"]
[WhiteFideId "4675053"]
[BlackFideId "705985"]
[EventDate "2014.08.15"]

1. c4 c5 2. g3 Nc6 3. Bg2 g6 4. e3 Bg7 5. Ne2 d6 6. Nbc3 Nf6 7. O-O O-O 8. d4
cxd4 9. exd4 Bd7 10. b3 Rc8 11. Bb2 h5 12. Qd2 a6 13. Rac1 Na5 14. Ne4 Nxe4 15.
Bxe4 Nc6 16. f4 f5 17. Bg2 b5 18. c5 dxc5 19. dxc5 Bxb2 20. Qxb2 Qc7 21. Rfe1 e5
22. Bxc6 Qxc6 23. fxe5 Rce8 24. Nf4 Kh7 25. Qd4 Bc8 26. Qd6 Bb7 27. Qxc6 Bxc6
28. Rcd1 Be4 29. Rd7+ Kh6 30. Rd6 Rg8 31. e6 a5 32. c6 Rg7 33. Rc1 Rc7 34. e7
Rexe7 35. Nxg6 Re8 36. Nf8+ 1-0

[Event "ZMDI Open 2014"]
[Site "Dresden GER"]
[Date "2014.08.21"]
[Round "7.26"]
[White "Reinemer, Frank"]
[Black "Stock, Andreas"]
[Result "1/2-1/2"]
[WhiteElo "2203"]
[BlackElo "2085"]
[WhiteFideId "4610849"]
[BlackFideId "4616430"]
[EventDate "2014.08.15"]

1. d4 Nf6 2. Nc3 d5 3. f4 Bf5 4. e3 e6 5. Nf3 Be7 6. Bd3 Bxd3 7. Qxd3 O-O 8. O-O
Nbd7 9. Bd2 c5 10. Rae1 c4 11. Qe2 Bb4 12. Nb1 a5 13. a3 Be7 14. Nc3 Qb6 15. Bc1
Rac8 16. Ne5 Qc7 17. Bd2 b6 18. e4 Nxe4 19. Nxe4 dxe4 20. Nxd7 Qxd7 21. Qxe4 Bf6
22. c3 Qb5 23. Bc1 g6 24. g4 Rfe8 25. Qf3 Bg7 26. f5 exf5 27. gxf5 Rxe1 28. Rxe1
Re8 29. Rf1 Qxf5 30. Qxf5 gxf5 31. Rxf5 Re1+ 32. Rf1 Re2 33. Rf2 Re1+ 34. Rf1
Re2 1/2-1/2

[Event "ZMDI Open 2014"]
[Site "Dresden GER"]
[Date "2014.08.21"]
[Round "7.27"]
[White "Hahn, Florian"]
[Black "Syperek, Sebastian"]
[Result "0-1"]
[WhiteElo "2133"]
[BlackElo "2198"]
[WhiteFideId "24659720"]
[BlackFideId "4645758"]
[EventDate "2014.08.15"]

1. d4 Nf6 2. c4 g6 3. g3 Bg7 4. Bg2 O-O 5. Nc3 d6 6. Nf3 Nbd7 7. O-O e5 8. e4
exd4 9. Nxd4 Re8 10. Re1 a6 11. h3 Rb8 12. a4 a5 13. Ndb5 Nc5 14. Bf4 Be6 15.
Qe2 Nh5 16. Be3 c6 17. Nd4 Bd7 18. Rad1 Qe7 19. Qc2 Rbd8 20. Kh2 Bc8 21. f4 Qc7
22. Bf2 Na6 23. Qd2 Nb4 24. Nc2 Be6 25. Ne3 Bh6 26. Ne2 Nf6 27. g4 d5 28. cxd5
cxd5 29. Qc3 Bxf4+ 30. Nxf4 Qxf4+ 31. Bg3 Qg5 32. exd5 Nfxd5 33. Nxd5 Bxd5 34.
Rxe8+ Rxe8 35. Bxd5 Nxd5 36. Qxa5 Re2+ 37. Kh1 Qe3 38. Qxd5 Qxg3 39. Qd8+ Kg7
40. Qd4+ Kg8 41. Qd8+ Kg7 42. Qd4+ Kh6 43. g5+ Kh5 44. Qg4+ Qxg4 45. hxg4+ Kxg5
46. b3 Rb2 47. Rd7 Rxb3 48. Rxf7 h6 49. Rg7 Rb4 50. a5 Rb5 51. Kg2 Rxa5 52. Rxb7
Kxg4 53. Rb4+ Kf5 54. Kg3 g5 55. Rb8 Ra3+ 56. Kg2 Kg4 57. Rb4+ Kh5 58. Rb5 Kh4
59. Rb1 g4 60. Rb2 h5 61. Rc2 Rf3 62. Ra2 Kg5 63. Ra8 Rf6 64. Ra5+ Rf5 65. Ra8
h4 66. Ra4 h3+ 67. Kg3 Rf3+ 68. Kh2 Kh4 69. Rb4 Re3 70. Ra4 Re2+ 71. Kh1 Kg3 72.
Ra3+ Kf4 73. Ra4+ Re4 74. Ra1 g3 75. Rf1+ Kg4 76. Ra1 Rf4 77. Rb1 h2 78. Kg2
Rf2+ 79. Kh1 Kh3 0-1

[Event "ZMDI Open 2014"]
[Site "Dresden GER"]
[Date "2014.08.21"]
[Round "7.28"]
[White "Grigorian, Spartak"]
[Black "ter Steeg, Marcus"]
[Result "1-0"]
[WhiteElo "2183"]
[BlackElo "1977"]
[WhiteFideId "24661490"]
[BlackFideId "24676799"]
[EventDate "2014.08.15"]

1. d4 c5 2. e4 cxd4 3. Nf3 e5 4. c3 d5 5. Nxe5 Qe7 6. Qxd4 Nc6 7. Bb5 Bd7 8.
Bxc6 Bxc6 9. O-O dxe4 10. Nxc6 bxc6 11. Nd2 f5 12. Qc4 Qc5 13. Qe6+ Ne7 14. Nc4
Rd8 15. Bf4 Qd5 16. Nd6+ Rxd6 17. Qxd6 Qxd6 18. Bxd6 Nd5 19. Bxf8 Rxf8 20. Rfe1
Kd7 21. f3 Re8 22. Rad1 Kc7 23. fxe4 fxe4 24. Rd4 Nf6 25. g4 g5 26. Kg2 c5 27.
Rc4 Kc6 28. b4 Re5 29. a4 a6 30. h3 Rd5 31. Rxc5+ Rxc5 32. bxc5 Kxc5 33. Rf1 Nd5
34. Rf5 h6 35. Re5 e3 36. Kf3 Kc4 37. a5 Nxc3 38. Rxe3 Kb4 39. Re6 Kxa5 40. Rxh6
Nb5 41. Rg6 Nc7 42. Rxg5+ Kb4 43. h4 a5 44. h5 Ne6 45. Rg8 1-0

[Event "ZMDI Open 2014"]
[Site "Dresden GER"]
[Date "2014.08.21"]
[Round "7.29"]
[White "Pererva, Viktor"]
[Black "Hansch, Karsten"]
[Result "1/2-1/2"]
[WhiteElo "2053"]
[BlackElo "2181"]
[WhiteFideId "24696463"]
[BlackFideId "24692239"]
[EventDate "2014.08.15"]

1. e4 c5 2. Nf3 d6 3. d4 cxd4 4. Nxd4 Nf6 5. Nc3 a6 6. Bg5 e6 7. f4 Be7 8. Qf3
Nbd7 9. O-O-O Qc7 10. g4 b5 11. Bxf6 Nxf6 12. g5 Nd7 13. f5 Bxg5+ 14. Kb1 Nb6
15. fxe6 O-O 16. Qh5 Bf6 17. Nd5 Nxd5 18. Qxd5 Bxd4 19. exf7+ Qxf7 20. Qxd4 Bg4
21. Re1 Be6 22. a3 Qf2 23. Rd1 Bg4 24. Rg1 Qxd4 25. Rxd4 Bf3 26. Rxd6 Bxe4 27.
Bd3 Bxd3 28. cxd3 Rf2 29. h4 Ra7 30. Ka2 b4 31. Rb6 bxa3 32. Kxa3 Rf3 33. Rd1
Rh3 34. Rb4 Rd7 35. Ka4 Rhxd3 36. Rxd3 Rxd3 37. Ka5 Rd6 38. Rb8+ Kf7 39. Rb7+
Kg6 40. b4 Rd4 41. h5+ Kh6 42. Kxa6 Kxh5 1/2-1/2

[Event "ZMDI Open 2014"]
[Site "Dresden GER"]
[Date "2014.08.21"]
[Round "7.30"]
[White "Stabolewski, Andreas"]
[Black "Renger, Niklas"]
[Result "1-0"]
[WhiteElo "2181"]
[BlackElo "1821"]
[WhiteFideId "4617851"]
[BlackFideId "12908096"]
[EventDate "2014.08.15"]

1. c4 Nf6 2. Nc3 g6 3. e4 c5 4. Nf3 Bg7 5. d4 cxd4 6. Nxd4 O-O 7. Be2 Nc6 8. Nc2
d6 9. Bg5 Qa5 10. Bd2 Be6 11. O-O Rac8 12. Rb1 a6 13. a4 Ne5 14. b3 Qb6 15. Ne3
Ned7 16. Ncd5 Bxd5 17. Nxd5 Nxd5 18. exd5 Nc5 19. a5 Qc7 20. Qc2 Nd7 21. Qe4 b6
22. axb6 Qxb6 23. Be3 Qd8 24. b4 Rb8 25. Rfc1 Re8 26. Qc2 Qc7 27. Qa2 Ra8 28. c5
dxc5 29. bxc5 Rec8 30. Bg4 Rd8 31. c6 Nf6 32. Bb6 Qd6 33. Bf3 Rdc8 34. c7 Ne8
35. Bg4 f5 36. Rc6 Qd7 37. d6+ Kh8 38. Bf3 e5 39. Qd5 e4 40. Be2 Nf6 41. Qc4 Ng4
42. Bxg4 fxg4 43. Re1 Re8 44. Rxe4 Rac8 45. g3 h5 46. Qd5 Rxe4 47. Qxe4 Kh7 48.
Qd5 h4 49. gxh4 1-0

[Event "ZMDI Open 2014"]
[Site "Dresden GER"]
[Date "2014.08.21"]
[Round "7.31"]
[White "Schulz, Petra"]
[Black "Knaak, Joachim"]
[Result "1/2-1/2"]
[WhiteTitle "WFM"]
[WhiteElo "2098"]
[BlackElo "2150"]
[WhiteFideId "4612663"]
[BlackFideId "12921009"]
[EventDate "2014.08.15"]

1. e4 c5 2. Nf3 d6 3. Bb5+ Bd7 4. Bxd7+ Qxd7 5. c4 Nf6 6. Nc3 g6 7. d4 cxd4 8.
Nxd4 Bg7 9. h3 Nc6 10. Be3 O-O 11. O-O Nxd4 12. Bxd4 Qc6 13. Qd3 Rfe8 14. Nd5
Nd7 15. Bxg7 Kxg7 16. Rac1 Rac8 17. b3 Kg8 18. Rcd1 b6 19. f4 Rcd8 20. Kh1 a5
21. f5 e6 22. fxg6 hxg6 23. Nf6+ Nxf6 24. Rxf6 Qc5 25. Rdf1 Re7 26. Qg3 Rdd7 27.
Rd1 Qe5 28. Rf4 b5 1/2-1/2

[Event "ZMDI Open 2014"]
[Site "Dresden GER"]
[Date "2014.08.21"]
[Round "7.32"]
[White "Budzyn, Matthias"]
[Black "Bassetti, Danilo"]
[Result "1/2-1/2"]
[WhiteElo "2145"]
[BlackElo "1965"]
[WhiteFideId "24600636"]
[BlackFideId "876623"]
[EventDate "2014.08.15"]

1. e4 e5 2. f4 d6 3. Nf3 Nd7 4. Bc4 Be7 5. O-O Ngf6 6. d3 O-O 7. Nc3 c6 8. a4
exf4 9. Bxf4 Qb6+ 10. Kh1 Qxb2 11. Qd2 Qb6 12. Ne2 d5 13. a5 Qc5 14. exd5 Nxd5
15. Ng3 Nxf4 16. Qxf4 Bd6 17. Qh4 Be7 18. Qf4 Qd6 19. Qxd6 Bxd6 20. Nf5 Bc5 21.
d4 Nf6 22. Nh6+ gxh6 23. dxc5 Ne4 24. Ne5 Be6 25. Bxe6 fxe6 26. Nd3 Rxf1+ 27.
Rxf1 Rf8 28. Re1 Rf5 29. g4 Nf2+ 30. Nxf2 Rxf2 31. a6 bxa6 32. Rxe6 Rxc2 33.
Rxc6 a5 34. Rxh6 Kg7 35. Ra6 Rxc5 36. Kg2 h5 1/2-1/2

[Event "ZMDI Open 2014"]
[Site "Dresden GER"]
[Date "2014.08.21"]
[Round "7.33"]
[White "Hocke, Sebastian"]
[Black "Lipinsky, Markus"]
[Result "1/2-1/2"]
[WhiteElo "2000"]
[BlackElo "2142"]
[WhiteFideId "24678724"]
[BlackFideId "4639820"]
[EventDate "2014.08.15"]

1. e4 c5 2. Nf3 d6 3. d4 cxd4 4. Nxd4 Nf6 5. Nc3 a6 6. h3 b5 7. g4 Bb7 8. Bg2 e6
9. O-O Be7 10. Re1 Qc7 11. Nd5 exd5 12. exd5 O-O 13. g5 Ne8 14. Qe2 Bf6 15. gxf6
Nxf6 16. Nf5 Nbd7 17. Bf4 Ne5 18. Bxe5 dxe5 19. d6 Qd7 20. Bxb7 Qxb7 21. Qxe5
Rfe8 22. Qg3 Nh5 23. Qg4 g6 24. d7 Rxe1+ 25. Rxe1 Nf6 26. Qd4 Qxd7 27. Qxf6 Qxf5
28. Qxf5 gxf5 29. Rd1 Rc8 30. c3 Rc6 31. Kg2 Kg7 32. Kf3 Kf6 33. Kf4 Ke6 34. Rd8
Kf6 35. Rd5 Rc5 36. Rd4 Rc6 37. a4 bxa4 38. Rxa4 Rb6 39. c4 Rxb2 40. Rxa6+ Ke7
41. f3 Rc2 42. Rc6 Rh2 43. Rh6 Rc2 44. Kxf5 Rxc4 45. Rxh7 Rc5+ 46. Kg4 Kf6 47.
Rh6+ Kg7 48. Rh5 Rc4+ 49. f4 Kg6 50. Rg5+ Kf6 51. Rf5+ Kg6 52. h4 Rc1 53. h5+
Kg7 54. h6+ Kg6 55. Rg5+ Kxh6 56. Kf5 Rc5+ 57. Kf6 Rxg5 58. fxg5+ Kh5 1/2-1/2

[Event "ZMDI Open 2014"]
[Site "Dresden GER"]
[Date "2014.08.21"]
[Round "7.34"]
[White "Bohn, Ulrich"]
[Black "Herbrig, Alexander"]
[Result "1-0"]
[WhiteElo "2167"]
[BlackElo "1880"]
[WhiteFideId "4656105"]
[BlackFideId "12952044"]
[EventDate "2014.08.15"]

1. e4 e5 2. Nf3 Nc6 3. d4 exd4 4. Nxd4 Nf6 5. Nxc6 bxc6 6. e5 Qe7 7. Qe2 Nd5 8.
c4 Nb6 9. b3 Bb7 10. Bb2 Qe6 11. Nd2 g6 12. f4 Bb4 13. O-O-O O-O-O 14. Ne4 d5
15. Ng5 Qf5 16. g3 1-0

[Event "ZMDI Open 2014"]
[Site "Dresden GER"]
[Date "2014.08.21"]
[Round "7.35"]
[White "Schnoor, Ekkehard"]
[Black "Eskandary, Jahja"]
[Result "1-0"]
[WhiteElo "2165"]
[BlackElo "2116"]
[WhiteFideId "24639753"]
[BlackFideId "4665708"]
[EventDate "2014.08.15"]

1. e4 e5 2. Nf3 Nc6 3. Bb5 a6 4. Ba4 d6 5. O-O Bg4 6. h3 h5 7. d4 Qf6 8. dxe5
dxe5 9. hxg4 hxg4 10. Bg5 Qe6 11. Nh2 g3 12. Ng4 Qg6 13. Bxc6+ bxc6 14. Be3 Rd8
15. Qf3 Rh4 16. Qxg3 Rxg4 17. Qxe5+ Be7 18. g3 Rxe4 19. Qxc7 Nh6 20. Bxh6 Qxh6
21. Nc3 Re6 22. Rad1 Qh5 23. Kg2 Rf6 24. Rxd8+ Bxd8 25. Re1+ Re6 26. Qxc6+ 1-0

[Event "ZMDI Open 2014"]
[Site "Dresden GER"]
[Date "2014.08.21"]
[Round "7.36"]
[White "Viebahn, Dirk"]
[Black "Schoenwaelder, Bernd"]
[Result "1-0"]
[WhiteElo "2163"]
[BlackElo "2101"]
[WhiteFideId "4660790"]
[BlackFideId "24601322"]
[EventDate "2014.08.15"]

1. e4 a6 2. d4 b5 3. Nf3 Bb7 4. Bd3 e6 5. O-O Nf6 6. e5 Ne4 7. Nbd2 Nxd2 8. Bxd2
Be7 9. Qe2 d6 10. a4 O-O 11. Be4 Bxe4 12. Qxe4 Nd7 13. axb5 axb5 14. Bf4 d5 15.
Qd3 c6 16. Be3 Qb6 17. Bg5 Bxg5 18. Nxg5 g6 19. Qh3 h5 20. Rxa8 Rxa8 21. Nxe6
Ra7 22. Ng5 Nf8 23. c3 Qd8 24. f4 Ra2 25. b4 Qd7 26. f5 Qe7 27. Qg3 Nh7 28. Nxf7 1-0

[Event "ZMDI Open 2014"]
[Site "Dresden GER"]
[Date "2014.08.21"]
[Round "7.37"]
[White "Baskin, Robert"]
[Black "De Andres Gonalons, Fernando"]
[Result "1-0"]
[WhiteElo "2152"]
[BlackElo "2013"]
[WhiteFideId "24662402"]
[BlackFideId "2221896"]
[EventDate "2014.08.15"]

1. e4 e6 2. d4 d5 3. Nc3 dxe4 4. Nxe4 Nd7 5. Nf3 Be7 6. Bd3 Ngf6 7. Qe2 Nxe4 8.
Qxe4 c5 9. Be3 cxd4 10. Bxd4 Bf6 11. O-O-O Qa5 12. Kb1 Bxd4 13. Qxd4 O-O 14.
Rhe1 Nf6 15. Re5 Qc7 16. Qh4 h6 17. g4 Rd8 18. g5 hxg5 19. Rxg5 Rd5 20. Rg3 Ne8
21. Rdg1 Kf8 22. Ng5 Qe5 23. Nh7+ Kg8 24. Qe7 1-0

[Event "ZMDI Open 2014"]
[Site "Dresden GER"]
[Date "2014.08.21"]
[Round "7.38"]
[White "Mager, Denis"]
[Black "Wilhelm, Till"]
[Result "1/2-1/2"]
[WhiteElo "2152"]
[BlackElo "2013"]
[WhiteFideId "24691127"]
[BlackFideId "12942391"]
[EventDate "2014.08.15"]

1. c4 g6 2. d4 Bg7 3. Nc3 d6 4. e4 e5 5. Be3 Nc6 6. d5 Nce7 7. g4 f5 8. gxf5 Nf6
9. fxg6 Nxg6 10. Bh3 O-O 11. Kd2 c6 12. Bxc8 Qxc8 13. Nf3 Ng4 14. h3 Nxe3 15.
fxe3 cxd5 16. cxd5 Bh6 17. Qe2 b5 18. Rac1 Qd7 19. Rcg1 b4 20. Nd1 Kh8 21. b3
Qc7 22. Ng5 Bxg5 23. Rxg5 Rae8 24. Ke1 Qc1 25. Rf1 Qb1 26. Rg4 Kg7 27. Rxf8 Rxf8
28. Qa6 Rf7 29. Qxd6 Qxa2 30. Qxe5+ Kh6 31. Qe6 Rf8 32. Qd6 Rf7 33. Qe6 Rf8 34.
Qd6 Rf7 35. Rf4 Re7 36. e5 Rxe5 37. Rf6 Qh2 38. Qf8+ Kg5 39. Qd8 Kh6 40. Qf8+
Kg5 41. Qd8 Kh6 42. d6 Qh1+ 43. Ke2 Qxh3 44. d7 Qg4+ 45. Ke1 Qg1+ 46. Rf1 Qg3+
47. Kd2 Qg2+ 48. Ke1 Qg3+ 49. Rf2 Qg1+ 50. Ke2 Qg4+ 51. Ke1 Qg1+ 52. Ke2 Qg4+
53. Ke1 Rd5 54. Nb2 Rxd7 55. Qf6 Qg3 56. Ke2 Rd6 57. Qf7 Qg4+ 58. Ke1 Qg1+ 59.
Ke2 Qg4+ 60. Ke1 Qg1+ 61. Ke2 Rc6 62. Nc4 Ra6 63. Qf3 Ra1 64. Qh3+ Kg7 65. Qd7+
Kh6 66. Qh3+ Kg7 67. Qd7+ Kh6 1/2-1/2

[Event "ZMDI Open 2014"]
[Site "Dresden GER"]
[Date "2014.08.21"]
[Round "7.39"]
[White "Martin, Julian"]
[Black "Friedel, Marcus"]
[Result "1/2-1/2"]
[WhiteElo "2052"]
[BlackElo "2148"]
[WhiteFideId "12941000"]
[BlackFideId "4688708"]
[EventDate "2014.08.15"]

1. e4 e5 2. Nf3 Nc6 3. Nc3 Nf6 4. Bb5 Nd4 5. Bc4 Bc5 6. Nxe5 Qe7 7. Nf3 Nxe4 8.
O-O Nxc3 9. bxc3 Nxf3+ 10. Qxf3 O-O 11. d4 Bd6 12. Bd2 c6 13. Rfe1 Qh4 14. h3
Qf6 15. Qxf6 gxf6 16. Bh6 Rd8 17. Re4 Bf8 18. Rg4+ Kh8 19. Bxf8 Rxf8 20. Bd3 d6
21. Rh4 f5 22. Rf4 Re8 23. Kf1 Kg7 24. Bxf5 Be6 25. Bd3 f6 26. a4 a5 27. c4 c5
28. d5 Bc8 29. Rb1 Ra6 30. Rb3 Re7 31. Be4 Re5 32. Rg3+ Rg5 33. Rb3 h6 34. h4
Re5 35. Bd3 b6 36. Be4 Bd7 37. Rg3+ Kf7 38. Ra3 Ra8 39. Bd3 Rae8 40. f3 Rg8 41.
Kf2 Rge8 42. Ra1 Rg8 43. Re4 Rge8 44. Rxe5 fxe5 45. c3 Kf6 46. Bc2 Rg8 47. Rb1
Rb8 48. Ke3 Be8 49. f4 exf4+ 50. Kxf4 Bd7 51. g4 Rb7 52. Re1 Rb8 53. Rh1 Rh8 54.
Re1 Rg8 55. Bf5 Re8 56. Rb1 Bxf5 57. gxf5 Re5 58. Rxb6 Rxf5+ 59. Ke3 Re5+ 60.
Kd3 Ke7 61. Rb7+ Kd8 62. Rf7 Rh5 63. Rf4 Kd7 64. Ke3 Re5+ 65. Re4 Rf5 66. Rg4
Ke7 67. Rg7+ Rf7 68. Rg8 Rf5 69. Ra8 Rh5 70. Rxa5 Rxh4 71. Ra7+ Kd8 72. Kd3 Rh2
73. Rh7 h5 74. a5 Ra2 75. Rxh5 Rxa5 76. Rh7 Ra1 77. Ke4 Re1+ 78. Kf5 Re3 79. Kf6
Re4 80. Kf5 Re3 81. Ra7 Re5+ 82. Kf4 Re1 83. Rh7 Re2 84. Rh3 Kd7 85. Rf3 Re1 86.
Rg3 Re2 87. Kf5 Re5+ 88. Kf6 Re4 89. Rg7+ Kd8 90. Kf7 Kd7 91. Kf6+ Kd8 92. Kf5
Re3 93. Rg4 Kd7 94. Rg7+ Kd8 95. Rh7 Re5+ 96. Kf4 Re1 97. Ra7 Re2 98. Kf3 Re1
99. Rb7 Kc8 100. Rb2 Kd7 101. Rd2 Re5 102. Rd3 Re1 103. Kf4 Re2 104. Rh3 Re1
105. Kf3 Re5 106. Rg3 Re1 107. Rg7+ Kd8 108. Kf4 Re2 109. Kf5 Re5+ 110. Kf6 Re3
111. Kf7 Kd7 112. Kf6+ Kd8 113. Ra7 Re4 114. Kf7 Re3 115. Ra3 Kd7 116. Kf6 Re4
117. Kf5 Re3 118. Kf4 Re1 119. Ra7+ Kd8 120. Rh7 Re2 121. Rh3 Kd7 122. Re3 Rf2+
123. Ke4 Kd8 124. Kd3 Kd7 125. Rg3 Rf1 126. Kc2 Rf2+ 1/2-1/2